Carolus Quintus (Record no. 129220)

MARC details
000 -LEADER
campo de control de longitud fija 00592nam a2200169 i 4500
001 - NÚMERO DE CONTROL
campo de control 129220
003 - IDENTIFICADOR DE NÚMERO DE CONTROL
campo de control ES-MaACL
005 - FECHA Y HORA DE LA ÚLTIMA TRANSACCIÓN
campo de control 20230906193447.0
007 - CAMPO FIJO DE DESCRIPCIÓN FÍSICA--INFORMACIÓN GENERAL
campo de control de longitud fija t|
008 - DATOS DE LONGITUD FIJA--INFORMACIÓN GENERAL
campo de control de longitud fija 070608s1966 sp ||||1| spa d
100 1# - ENTRADA PRINCIPAL--NOMBRE DE PERSONA
Nombre de persona Terlinden, Charles
Títulos y otros términos asociados al nombre Vicomte.
9 (RLIN) 109744
245 10 - MENCIÓN DEL TÍTULO
Título Carolus Quintus
Resto del título : Carlos Quinto Emperador de dos mundos /
Mención de responsabilidad, etc. Vicomte Charles Terlinden ; [versión Dolores Sánchez de Aleu].
260 ## - PUBLICACIÓN, DISTRIBUCIÓN, ETC.
Lugar de publicación, distribución, etc. Madrid :
Nombre del editor, distribuidor, etc. Rialp,
Fecha de publicación, distribución, etc. [1966]
300 ## - DESCRIPCIÓN FÍSICA
Extensión 267 p., 50 lám. col., 2 pleg. :
Otras características físicas il. ;
Dimensiones 34 cm.
700 1# - ENTRADA AGREGADA--NOMBRE PERSONAL
Nombre de persona Sánchez Aleu, Dolores.
9 (RLIN) 174488
852 ## - LOCALIZACIÓN
Ubicación ES-MaACL
Número de control de estantería C-29037
Sublocalización o colección R.61475
Holdings
Estatus retirado Estado de pérdida Estado de daño No para préstamo Biblioteca de origen Biblioteca actual Ubicación en estantería Fecha de adquisición Fuente de adquisición Total de préstamos Signatura topográfica completa Código de barras Visto por última vez Precio de reemplazo Tipo de ítem Koha
        Biblioteca del Ateneo de Madrid Biblioteca del Ateneo de Madrid Depósito 2 17/01/2008     C-29037 1134565 23/02/2023 23/02/2023 Libro impreso